LEADER 01199nam a2200229 i 4500 001 000000195601 003 CaOOAMICUS 005 20110310000000.0 008 110310s1874 it u000 u lat u 013 $a174279 040 $aSeMil$bita 245 13$aDe constitutione Apostolicae Sedis, qua censurae latae sententiae limitantur commentarii ex latinis ephemeridibus, quibus titulus Acta Sanctae Sedis excerpti /$cstudio et cura Petri Avanzini. 250 $aEditio secunda manualis Paullo auctior. 260 $aRomae :$bEx Typographia Polyglotta,$c1874. 300 $aLVIII, 168 p. ;$c19 cm. 650 4$aApostolicae Sedis .$0(OLS)http://semarc/subject/3874 700 1 $aAvanzini, Pietro.$0(OLS)http://semarc/name/25626 773 0 $t[De censuris.$d[S.l. : s.n.] $w()24524 850 $aSeMil 852 $aSeMil$W1$xVenegono$y1$m5B I 15/1 FA$j146170$B146170$CSeMilBibl$Z2$F160729 $8I 996 $6245$aDe constitutione Apostolicae Sedis, qua censurae latae sententiae limitantur commentarii ex latinis ephemeridibus, quibus titulus Acta Sanctae Sedis excerpti$9(OLS)http://semarc/title/282265 996 $6260$aRomae :$bEx Typographia Polyglotta$9(OLS)http://semarc/publisher/29969 LEADER 00911nam a2200205 i 4500 001 000000206789 003 CaOOAMICUS 005 20111012000000.0 008 111012s1875 it u000 u ita u 013 $a185561 040 $aSeMil$bita 100 1 $aFerrari, Paolo <1822-1899>.$0(OLS)http://semarc/name/11351 245 13$aIl cantoniere :$bcommedia in un atto in versi /$cdi Paolo Ferrari. 260 $aMilano :$bAmalia Bettoni,$c1875. 300 $a64, 8 p. :$bnotazioni musicali ;$c20 cm. 773 0 $tOpere drammatiche di Paolo Ferrari.$dMilano : Libreria di Francesco Sanvito : [poi]... Libreria Editrice, [186?]$w()25569 850 $aSeMil 852 $aSeMil$W1$xVenegono$y1$m1R V 21 FA$j157252$B157252$CSeMilBibl$Z2$F168568 $8I 996 $6245$aIl cantoniere :$bcommedia in un atto in versi$9(OLS)http://semarc/title/299026 996 $6260$aMilano :$bAmalia Bettoni$9(OLS)http://semarc/publisher/50895